LEADER 00940nam a2200229 i 4500 001 000000217090 003 CaOOAMICUS 005 20121121000000.0 008 121121s1890 it u000 u lat u 013 $a195986 040 $aSeMil$bita 100 1 $aBucceroni, Gennaro .$0(OLS)http://semarc/name/89958 245 10$aCommentarii theologici morales /$cJanuarii Bucceroni. 250 $aEd. altera novis aucta commentariis. 260 $aRomae :$bEx typographia Pacis, Philippi Cuggiani,$c1890. 300 $a79 p. ;$c22 cm. 500 $aLegato con 2E-II-2, 3, 5 e 6. 650 4$aTeologia morale.$0(OLS)http://semarc/subject/91 850 $aSeMil 852 $aSeMil$W1$xVenegono$y1$m2E II 4 FA$j167506$B167506$CSeMilBibl$Z2$F178292 $8I 996 $6245$aCommentarii theologici morales$9(OLS)http://semarc/title/311996 996 $6260$aRomae :$bEx typographia Pacis, Philippi Cuggiani$9(OLS)http://semarc/publisher/53034 LEADER 00952nam a2200229 i 4500 001 000000200902 003 CaOOAMICUS 005 20110415000000.0 008 110415n it u000 u ita u 013 $a179603 040 $aSeMil$bita 100 1 $aDi Pesaro, Angelo Maria.$0(OLS)http://semarc/name/72623 245 10$aA proposito delle feste di Giovanna d'Arco in Francia /$cAngelo Maria Di Pesaro. 260 $a[S.l. :$bs.n.,$c189?] 300 $aP. [3]-38 ;$c24 cm. 500 $aEstratto da ĞLa rassegna nazionaleğ, vol. 77. 600 04$aGiovanna : d'Arco .$0(OLS)http://semarc/subject/8718 773 0 $t[Miscellanea politica.$w()24768 850 $aSeMil 852 $aSeMil$W1$xVenegono$y1$m5A II 24/7 FA$j151431$B151431$CSeMilBibl$Z2$F162653 $8I 996 $6245$aA proposito delle feste di Giovanna d'Arco in Francia$9(OLS)http://semarc/title/290629 996 $6260$a[S.l. :$bs.n.$9(OLS)http://semarc/publisher/31686